Clinical pediatric neurology: a signs and symptoms approach. (Record no. 7947)
[ view plain ]
| 000 -LEADER | |
|---|---|
| fixed length control field | 01106nam a22002057a 4500 |
| 003 - CONTROL NUMBER IDENTIFIER | |
| control field | OSt |
| 005 - DATE AND TIME OF LATEST TRANSACTION | |
| control field | 20211108115155.0 |
| 008 - FIXED-LENGTH DATA ELEMENTS--GENERAL INFORMATION | |
| fixed length control field | 190801b xxu||||| |||| 00| 0 eng d |
| 020 ## - INTERNATIONAL STANDARD BOOK NUMBER | |
| International Standard Book Number | 1416001697 |
| 040 ## - CATALOGING SOURCE | |
| Transcribing agency | LC |
| 050 ## - LIBRARY OF CONGRESS CALL NUMBER | |
| Classification number | RJ486.F46 |
| 100 ## - MAIN ENTRY--PERSONAL NAME | |
| Personal name | Fenichel Gerald M. |
| 245 ## - TITLE STATEMENT | |
| Title | Clinical pediatric neurology: a signs and symptoms approach. |
| Statement of responsibility, etc. | Gerald M. Fenichel. |
| 250 ## - EDITION STATEMENT | |
| Edition statement | 5TH. ed. |
| 260 ## - PUBLICATION, DISTRIBUTION, ETC. | |
| Place of publication, distribution, etc. | Philadelphia, PA: |
| Name of publisher, distributor, etc. | Elsevier Saunders , |
| Date of publication, distribution, etc. | 2005. |
| 300 ## - PHYSICAL DESCRIPTION | |
| Extent | 1 vol. |
| Other physical details | ill and diagrams; |
| Dimensions | 26 cm. |
| 500 ## - GENERAL NOTE | |
| General note | Index index. |
| 505 ## - FORMATTED CONTENTS NOTE | |
| Formatted contents note | Contents :Paroxysmal disorders -- Altered states of consciousness -- Headache -- Increased intracranial pressure -- Psychomotor retardation and regression -- The hypotonic infant -- Flaccid limb weakness in childhood -- Cramps,muscle stiffness,and exercise intolerance -- Disturbance of sensation -- Ataxia -- Hemiplegia -- paraplegia and quadriplegia -- Monoplegia -- Movement disorders -- disorders of the visual motility -- Disorders of the visual system -- Lower brainstem and cranial dysfunction -- Disorders of cranial volume and shape. |
| 942 ## - ADDED ENTRY ELEMENTS (KOHA) | |
| Source of classification or shelving scheme | Library of Congress Classification |
| Koha item type | Books |
| Withdrawn status | Lost status | Source of classification or shelving scheme | Damaged status | Not for loan | Home library | Current library | Date acquired | Total Checkouts | Full call number | Barcode | Date last seen | Price effective from | Koha item type |
|---|---|---|---|---|---|---|---|---|---|---|---|---|---|
| Library of Congress Classification | WISCONSIN INTERNATIONAL UNIVERSITY COLLEGE, GHANA KUMASI LIBRARY | WISCONSIN INTERNATIONAL UNIVERSITY COLLEGE, GHANA KUMASI LIBRARY | 07/08/2019 | RJ486.F46(5e) | KSN/426/19 | 08/11/2021 | 08/11/2021 | Books |
